| 000 | 00628nam a2200229Ia 4500 | ||
|---|---|---|---|
| 003 | OSt | ||
| 005 | 20220928113642.0 | ||
| 006 | a|||||r|||| 00| 0 | ||
| 007 | ta | ||
| 008 | 220927b |||||||| |||| 00| 0 eng d | ||
| 024 | _a43178 | ||
| 037 | _cTextual | ||
| 040 |
_aSDCL _cSDCL _beng |
||
| 041 |
_2eng _aeng |
||
| 082 | _aX65.58'N8, M3 | ||
| 100 |
_aDyker David A _9434254 |
||
| 245 | 0 | _aProcess of investment in the soviet union. | |
| 260 |
_aCambridge _bCambridge University Press _c1983 |
||
| 300 |
_avii,254p _ccm. |
||
| 942 |
_hX65.58'N8, M3 _cTEXL _2CC |
||
| 999 |
_c750610 _d750610 |
||